[Event "European Online Club-ch-H 2021"]
[Site "Online"]
[Date "2021.03.27"]
[Round "7.9"]
[White "Vasli, Aref"]
[Black "Banusz, Tamas"]
[Result "1-0"]
[WhiteElo "2384"]
[BlackElo "2631"]
[Annotator "ChessBase"]
[PlyCount "65"]
[EventDate "2021.03.27"]
[EventType "team-tourn"]
[EventCountry "NET"]
[SourceTitle "playchess.com"]
[Source "ChessBase"]
[SourceQuality "1"]
[TimeControl "900+5"]

1. Nf3 {[%emt 0:00:00]} d5 {[%emt 0:00:08]} 2. d4 {[%emt 0:00:16]} Nf6 {[%emt 0:00:03]} 3. Bf4 {[%emt 0:00:02]} c5 {[%emt 0:00:45]} 4. c3 {[%emt 0:00:22]} cxd4 {[%emt 0:00:16]} 5. cxd4 {[%emt 0:00:04]} Nc6 {[%emt 0:00:02]} 6. Nc3 {[%emt 0:00:02]} Bf5 {[%emt 0:00:02]} 7. Qb3 {[%emt 0:00:29]} Na5 {[%emt 0:00:20]} 8. Qa4+ {[%emt 0:00:18]} Bd7 {[%emt 0:00:04]} 9. Qc2 {[%emt 0:00:11]} e6 {[%emt 0:00:02]} 10. e3 {[%emt 0:00:04]} Be7 {[%emt 0:00:02]} 11. Ne5 {[%emt 0:00:04]} O-O {[%emt 0:00:14]} 12. Bd3 {[%emt 0:00:02]} Rc8 {[%emt 0:00:52]} 13. O-O {[%emt 0:00:13]} h6 {[%emt 0:00:34]} 14. Rfc1 {[%emt 0:00:41]} Nh5 {[%emt 0:00:11]} 15. Bg3 {[%emt 0:00:09]} Nxg3 {[%emt 0:00:04]} 16. hxg3 {[%emt 0:00:02]} Nc4 {[%emt 0:00:13]} 17. Nxd7 {[%emt 0:01:49]} Qxd7 {[%emt 0:00:04]} 18. Qe2 {[%emt 0:02:02]} Rc7 {[%emt 0:00:31]} 19. b3 {[%emt 0:00:16]} Na3 {[%emt 0:00:24]} 20. Nb5 {[%emt 0:00:11]} Nxb5 {[%emt 0:01:08]} 21. Bxb5 {[%emt 0:00:04]} Qc8 {[%emt 0:00:01]} 22. Qb2 {[%emt 0:00:26]} Qb8 {[%emt 0:00:52]} 23. Rxc7 {[%emt 0:00:09]} Qxc7 {[%emt 0:00:03]} 24. Rc1 {[%emt 0:00:01]} Qa5 {[%emt 0:00:02]} 25. Bd3 {[%emt 0:00:30]} Ba3 {[%emt 0:00:48]} 26. Qc3 {[%emt 0:00:03]} Bb4 {[%emt 0:00:02]} 27. Qc2 {[%emt 0:02:21]} Qa3 {[%emt 0:00:14]} 28. g4 {[%emt 0:00:18]} g5 {[%emt 0:00:23]} 29. g3 {[%emt 0:00:06]} Kg7 {[%emt 0:00:10]} 30. Kg2 {[%emt 0:00:06]} Rd8 {[%emt 0:00:19]} 31. Qc7 {[%emt 0:00:28]} Ba5 {[%emt 0:01:03]} 32. Qe5+ {[%emt 0:00:07]} f6 {[%emt 0:02:42]} 33. Rc7+ {[%emt 0:00:51]} 1-0

[Event "European Online Club-ch-H 2021"]
[Site "Online"]
[Date "2021.03.27"]
[Round "7.10"]
[White "Braun, Arik"]
[Black "Aabling-Thomsen, Jakob"]
[Result "1-0"]
[WhiteElo "2609"]
[BlackElo "2348"]
[Annotator "ChessBase"]
[PlyCount "87"]
[EventDate "2021.03.27"]
[EventType "team-tourn"]
[EventCountry "NET"]
[SourceTitle "playchess.com"]
[Source "ChessBase"]
[SourceQuality "1"]
[TimeControl "900+5"]

1. d4 {[%emt 0:00:00]} Nf6 {[%emt 0:00:04]} 2. Nf3 {[%emt 0:00:02]} g6 {[%emt 0:00:01]} 3. g3 {[%emt 0:00:11]} c5 {[%emt 0:00:05]} 4. d5 {[%emt 0:00:14]} b5 {[%emt 0:00:33]} 5. Bg2 {[%emt 0:00:13]} d6 {[%emt 0:00:06]} 6. O-O {[%emt 0:00:07]} Bg7 {[%emt 0:00:07]} 7. Re1 {[%emt 0:00:21]} O-O {[%emt 0:00:04]} 8. e4 {[%emt 0:00:02]} Bg4 {[%emt 0:00:22]} 9. a4 {[%emt 0:00:27]} bxa4 {[%emt 0:00:12]} 10. Rxa4 {[%emt 0:00:11]} Nbd7 {[%emt 0:00:02]} 11. h3 {[%emt 0:00:16]} Nb6 {[%emt 0:00:14]} 12. Ra2 {[%emt 0:00:07]} Bxf3 {[%emt 0:00:28]} 13. Bxf3 {[%emt 0:00:07]} Qc7 {[%emt 0:00:13]} 14. c3 {[%emt 0:00:27]} Nfd7 {[%emt 0:00:15]} 15. Bg2 {[%emt 0:00:07]} c4 {[%emt 0:00:02]} 16. Na3 {[%emt 0:00:39]} Rfb8 {[%emt 0:00:49]} 17. Nb5 {[%emt 0:00:25]} Qc5 {[%emt 0:00:59]} 18. Nd4 {[%emt 0:00:55]} Ne5 {[%emt 0:00:17]} 19. Be3 {[%emt 0:00:14]} Qc7 {[%emt 0:00:10]} 20. Qc2 {[%emt 0:00:14]} Nd3 {[%emt 0:00:08]} 21. Rea1 {[%emt 0:00:06]} Nc8 {[%emt 0:00:13]} 22. Nc6 {[%emt 0:00:19]} Rb7 {[%emt 0:00:04]} 23. Bf1 {[%emt 0:00:40]} e6 {[%emt 0:00:10]} 24. Bxd3 {[%emt 0:00:15]} cxd3 {[%emt 0:00:22]} 25. Qxd3 {[%emt 0:00:03]} exd5 {[%emt 0:00:00]} 26. exd5 {[%emt 0:00:03]} Ne7 {[%emt 0:00:13]} 27. Rxa7 {[%emt 0:01:05]} Raxa7 {[%emt 0:00:05]} 28. Rxa7 {[%emt 0:00:06]} Nxc6 {[%emt 0:00:10]} 29. Rxb7 {[%emt 0:00:07]} Qxb7 {[%emt 0:00:00]} 30. dxc6 {[%emt 0:00:02]} Qxc6 {[%emt 0:00:05]} 31. Bd4 {[%emt 0:00:09]} Qd5 {[%emt 0:01:27]} 32. Qe3 {[%emt 0:00:10]} Be5 {[%emt 0:00:07]} 33. b4 {[%emt 0:00:31]} h5 {[%emt 0:00:08]} 34. h4 {[%emt 0:00:05]} Kh7 {[%emt 0:00:17]} 35. Bxe5 {[%emt 0:00:57]} dxe5 {[%emt 0:00:00]} 36. Qc5 {[%emt 0:00:05]} Qd1+ {[%emt 0:00:23]} 37. Kh2 {[%emt 0:00:03]} Qf3 {[%emt 0:02:22]} 38. b5 {[%emt 0:00:41]} f5 {[%emt 0:00:11]} 39. Qe3 {[%emt 0:00:39]} Qd5 {[%emt 0:00:20]} 40. b6 {[%emt 0:00:04]} Qb5 {[%emt 0:00:16]} 41. c4 {[%emt 0:00:25]} Qxc4 {[%emt 0:01:14]} 42. b7 {[%emt 0:00:36]} f4 {[%emt 0:00:04]} 43. Qxe5 {[%emt 0:00:20]} fxg3+ {[%emt 0:00:25]} 44. Qxg3 {[%emt 0:00:04]} 1-0

[Event "European Online Club-ch-H 2021"]
[Site "Online"]
[Date "2021.03.27"]
[Round "7.11"]
[White "Carstensen, Jacob"]
[Black "Wagner, Dennis"]
[Result "1/2-1/2"]
[WhiteElo "2361"]
[BlackElo "2581"]
[Annotator "ChessBase"]
[PlyCount "136"]
[EventDate "2021.03.27"]
[EventType "team-tourn"]
[EventCountry "NET"]
[SourceTitle "playchess.com"]
[Source "ChessBase"]
[SourceQuality "1"]
[TimeControl "900+5"]

1. d4 {[%emt 0:00:00]} Nf6 {[%emt 0:00:04]} 2. c4 {[%emt 0:00:02]} g6 {[%emt 0:00:03]} 3. Nc3 {[%emt 0:00:01]} d5 {[%emt 0:00:01]} 4. cxd5 {[%emt 0:00:00]} Nxd5 {[%emt 0:00:01]} 5. e4 {[%emt 0:00:01]} Nxc3 {[%emt 0:00:02]} 6. bxc3 {[%emt 0:00:00]} Bg7 {[%emt 0:00:00]} 7. Nf3 {[%emt 0:00:02]} c5 {[%emt 0:00:02]} 8. Be3 {[%emt 0:00:01]} Qa5 {[%emt 0:00:08]} 9. Qd2 {[%emt 0:00:02]} O-O {[%emt 0:00:36]} 10. Rb1 {[%emt 0:00:06]} b6 {[%emt 0:00:16]} 11. Rb5 {[%emt 0:01:05]} Qa4 {[%emt 0:00:11]} 12. Rb3 {[%emt 0:00:03]} Ba6 {[%emt 0:00:34]} 13. Bxa6 {[%emt 0:00:04]} Qxa6 {[%emt 0:00:04]} 14. Qe2 {[%emt 0:00:05]} cxd4 {[%emt 0:01:22]} 15. Qxa6 {[%emt 0:00:07]} Nxa6 {[%emt 0:00:02]} 16. cxd4 {[%emt 0:00:01]} Rfc8 {[%emt 0:00:04]} 17. Kd2 {[%emt 0:00:04]} e6 {[%emt 0:00:19]} 18. Rc1 {[%emt 0:00:06]} Rxc1 {[%emt 0:00:18]} 19. Kxc1 {[%emt 0:00:00]} Rc8+ {[%emt 0:00:02]} 20. Kb2 {[%emt 0:00:34]} Nc5 {[%emt 0:00:23]} 21. Ra3 {[%emt 0:00:12]} Nxe4 {[%emt 0:02:05]} 22. Rxa7 {[%emt 0:00:04]} Nc3 {[%emt 0:02:35]} 23. a4 {[%emt 0:01:23]} Nd5 {[%emt 0:00:33]} 24. Bd2 {[%emt 0:00:23]} f6 {[%emt 0:01:08]} 25. a5 {[%emt 0:00:12]} bxa5 {[%emt 0:00:04]} 26. Bxa5 {[%emt 0:00:09]} Bf8 {[%emt 0:00:20]} 27. Bd2 {[%emt 0:00:40]} g5 {[%emt 0:01:00]} 28. Rb7 {[%emt 0:00:24]} h5 {[%emt 0:00:24]} 29. Ne1 {[%emt 0:00:14]} Bd6 {[%emt 0:01:14]} 30. Nd3 {[%emt 0:00:00]} Rc4 {[%emt 0:00:45]} 31. h3 {[%emt 0:00:00]} Rxd4 {[%emt 0:00:07]} 32. Kc2 {[%emt 0:00:16]} Be7 {[%emt 0:00:35]} 33. Be3 {[%emt 0:00:40]} Rc4+ {[%emt 0:00:38]} 34. Kd2 {[%emt 0:00:04]} Kf8 {[%emt 0:00:33]} 35. Rb8+ {[%emt 0:00:31]} Kf7 {[%emt 0:00:03]} 36. Rb7 {[%emt 0:00:02]} Kg6 {[%emt 0:00:06]} 37. Rd7 {[%emt 0:00:19]} Kf5 {[%emt 0:00:14]} 38. f3 {[%emt 0:00:12]} g4 {[%emt 0:00:20]} 39. hxg4+ {[%emt 0:00:50]} hxg4 {[%emt 0:00:00]} 40. fxg4+ {[%emt 0:00:01]} Rxg4 {[%emt 0:00:04]} 41. Bf2 {[%emt 0:00:21]} Rxg2 {[%emt 0:00:06]} 42. Ke2 {[%emt 0:00:01]} Rg4 {[%emt 0:00:10]} 43. Bc5 {[%emt 0:00:13]} Bxc5 {[%emt 0:00:07]} 44. Nxc5 {[%emt 0:00:00]} Rc4 {[%emt 0:00:10]} 45. Nb3 {[%emt 0:00:10]} Nf4+ {[%emt 0:00:16]} 46. Kd2 {[%emt 0:00:07]} e5 {[%emt 0:00:04]} 47. Rb7 {[%emt 0:00:06]} Ke4 {[%emt 0:00:08]} 48. Rb5 {[%emt 0:00:08]} Kf3 {[%emt 0:00:06]} 49. Ke1 {[%emt 0:00:13]} Rc2 {[%emt 0:00:26]} 50. Nd2+ {[%emt 0:00:10]} Ke3 {[%emt 0:00:05]} 51. Nf1+ {[%emt 0:00:03]} Kd3 {[%emt 0:00:05]} 52. Rb3+ {[%emt 0:00:08]} Kc4 {[%emt 0:00:01]} 53. Rf3 {[%emt 0:00:04]} Kd4 {[%emt 0:00:13]} 54. Ng3 {[%emt 0:00:22]} Ra2 {[%emt 0:00:05]} 55. Rb3 {[%emt 0:00:12]} Ng2+ {[%emt 0:00:02]} 56. Kf1 {[%emt 0:00:09]} Ne3+ {[%emt 0:00:01]} 57. Ke1 {[%emt 0:00:03]} f5 {[%emt 0:00:07]} 58. Ne2+ {[%emt 0:00:15]} Rxe2+ {[%emt 0:00:12]} 59. Kxe2 {[%emt 0:00:00]} f4 {[%emt 0:00:01]} 60. Rb8 {[%emt 0:00:20]} Nd5 {[%emt 0:00:03]} 61. Ra8 {[%emt 0:00:12]} Nc3+ {[%emt 0:00:03]} 62. Kf3 {[%emt 0:00:04]} Kc4 {[%emt 0:00:08]} 63. Re8 {[%emt 0:00:09]} Kd4 {[%emt 0:00:01]} 64. Rd8+ {[%emt 0:00:04]} Nd5 {[%emt 0:00:01]} 65. Re8 {[%emt 0:00:04]} Nf6 {[%emt 0:00:05]} 66. Rd8+ {[%emt 0:00:04]} Nd5 {[%emt 0:00:01]} 67. Re8 {[%emt 0:00:03]} Nf6 {[%emt 0:00:01]} 68. Rd8+ {[%emt 0:00:04]} Nd5 {[%emt 0:00:01]} 1/2-1/2

[Event "European Online Club-ch-H 2021"]
[Site "Online"]
[Date "2021.03.27"]
[Round "7.12"]
[White "Buhmann, Rainer"]
[Black "Hald Falkesgaard, Jeppe"]
[Result "1-0"]
[WhiteElo "2580"]
[BlackElo "1986"]
[Annotator "ChessBase"]
[PlyCount "71"]
[EventDate "2021.03.27"]
[EventType "team-tourn"]
[EventCountry "NET"]
[SourceTitle "playchess.com"]
[Source "ChessBase"]
[SourceQuality "1"]
[TimeControl "900+5"]

1. d4 {[%emt 0:00:00]} Nf6 {[%emt 0:00:04]} 2. Nf3 {[%emt 0:00:02]} g6 {[%emt 0:00:03]} 3. c4 {[%emt 0:00:01]} Bg7 {[%emt 0:00:02]} 4. e3 {[%emt 0:00:01]} O-O {[%emt 0:00:01]} 5. Be2 {[%emt 0:00:02]} d6 {[%emt 0:00:03]} 6. Nc3 {[%emt 0:00:02]} c5 {[%emt 0:00:25]} 7. O-O {[%emt 0:00:09]} Nc6 {[%emt 0:00:03]} 8. d5 {[%emt 0:00:02]} Na5 {[%emt 0:00:02]} 9. e4 {[%emt 0:00:11]} b6 {[%emt 0:00:09]} 10. Rb1 {[%emt 0:00:05]} Nd7 {[%emt 0:00:15]} 11. Bd2 {[%emt 0:00:10]} Ne5 {[%emt 0:00:18]} 12. Nxe5 {[%emt 0:00:07]} Bxe5 {[%emt 0:00:05]} 13. Bd3 {[%emt 0:00:10]} e6 {[%emt 0:00:45]} 14. Kh1 {[%emt 0:00:40]} Qh4 {[%emt 0:00:58]} 15. f4 {[%emt 0:00:04]} Bg7 {[%emt 0:00:10]} 16. b3 {[%emt 0:00:30]} f5 {[%emt 0:00:42]} 17. exf5 {[%emt 0:00:17]} exd5 {[%emt 0:00:30]} 18. Nxd5 {[%emt 0:00:19]} Bxf5 {[%emt 0:00:05]} 19. Bxf5 {[%emt 0:00:03]} gxf5 {[%emt 0:00:28]} 20. g3 {[%emt 0:00:22]} Qh3 {[%emt 0:01:02]} 21. Nc7 {[%emt 0:00:39]} Rac8 {[%emt 0:00:42]} 22. Ne6 {[%emt 0:00:07]} Rfe8 {[%emt 0:00:03]} 23. Nxg7 {[%emt 0:00:51]} Kxg7 {[%emt 0:00:05]} 24. Bc3+ {[%emt 0:00:03]} Kg8 {[%emt 0:00:04]} 25. Qd5+ {[%emt 0:00:07]} Kf8 {[%emt 0:00:06]} 26. Qxd6+ {[%emt 0:00:07]} Kg8 {[%emt 0:00:08]} 27. Qf6 {[%emt 0:00:38]} Qg4 {[%emt 0:00:26]} 28. Qh8+ {[%emt 0:01:09]} Kf7 {[%emt 0:00:04]} 29. Qxh7+ {[%emt 0:00:03]} Kf8 {[%emt 0:00:04]} 30. Qh6+ {[%emt 0:00:34]} Kf7 {[%emt 0:00:07]} 31. Qf6+ {[%emt 0:00:06]} Kg8 {[%emt 0:00:04]} 32. Rbe1 {[%emt 0:00:24]} Rxe1 {[%emt 0:00:21]} 33. Rxe1 {[%emt 0:00:12]} Rf8 {[%emt 0:00:35]} 34. Qh8+ {[%emt 0:00:11]} Kf7 {[%emt 0:00:09]} 35. Qh7+ {[%emt 0:00:07]} Qg7 {[%emt 0:00:05]} 36. Qxg7# {[%emt 0:00:02]} 1-0

[Event "European Online Club-ch-H 2021"]
[Site "Online"]
[Date "2021.03.27"]
[Round "7.13"]
[White "Kazakov, Mikhail"]
[Black "Kryvoruchko, Yuriy"]
[Result "1/2-1/2"]
[WhiteElo "2516"]
[BlackElo "2699"]
[Annotator "TA"]
[PlyCount "103"]
[EventDate "2021.03.27"]
[EventType "team-tourn"]
[EventCountry "NET"]
[SourceTitle "playchess.com"]
[Source "ChessBase"]
[SourceQuality "1"]

{[%evp 9,103,-2,0,0,0,0,0,0,13,5,4,0,33,26,20,19,20,10,27,14,11,8,20,0,18,12,25,2,2,6,4,0,7,0,0,0,0,0,0,0,0,0,0,0,0,0,0,-4,-4,-4,-4,-4,0,0,0,0,0,0,2,0,0,0,0,0,0,0,0,0,0,0,0,0,0,0,0,0,0,0,0,0,0,0,0,0,0,0,0,0,0,0,0,0,0,0,0,0]} 1. d4 Nf6 2. c4 e6 3. Nc3 Bb4 4. e3 O-O 5. Bd2 c5 6. a3 {E46: Nimzo-Indian: Rubinstein: 4 e3 0-0 5 Ne2 without early Bd3.} Bxc3 7. Bxc3 Ne4 8. Rc1 Nxc3 9. Rxc3 cxd4 10. Qxd4 {[#]} Nc6 $146 ({Predecessor:} 10... Qe7 11. Nf3 Nc6 12. Qd2 Rd8 13. Be2 b6 14. O-O Bb7 15. Rd1 d5 16. Qc2 dxc4 17. Rxd8+ Rxd8 18. Rxc4 Qd6 19. h3 h6 20. Rc3 g6 21. Rd3 {½-½ (21) Aleksandrov,A (2571)-Moiseenko,A (2628) Riga 2019}) 11. Qd6 Qe7 12. Qxe7 Nxe7 13. Be2 b6 14. Bf3 Rb8 15. Ne2 Ba6 16. O-O Rbc8 17. Rfc1 Rc7 18. c5 Bxe2 {The position is equal.} 19. Bxe2 Rfc8 {[%cal Rc7c5]} 20. Ba6 Rb8 21. cxb6 Rxc3 22. Rxc3 Rxb6 $11 {[%mdl 4160] [#] Endgame Double Attack. KRB-KRN} 23. Bf1 Rxb2 24. Rc7 {[%mdl 64] Double Attack} Rd2 25. Rxa7 {Threatening mate with Ra8+.} g5 26. h4 gxh4 27. Bb5 Nc6 28. Bxc6 dxc6 {KR-KR} 29. Rc7 Rc2 30. a4 {[%cal Ba3a4,Ba4a5][%mdl 32]} Kg7 31. a5 Kg6 32. a6 h5 33. a7 Ra2 34. Kh2 Ra1 35. Rxc6 (35. Rb7 {feels hotter.} Kf6 36. Rd7 c5 37. Rc7 Kg6 38. Rxc5 Rxa7 39. Kh3) 35... Rxa7 36. Kh3 Ra2 (36... Kg5 {looks sharper.} 37. f3 Ra3 38. Rc5+ Kg6 39. e4 Ra2) 37. f3 Re2 38. e4 Kg5 39. Rc5+ f5 40. exf5 exf5 41. Rc4 Re3 42. Rc8 Re1 {[%cal Re1h1] [#]} 43. Kh2 Ra1 (43... h3 $5) 44. Rg8+ Kf4 45. Rh8 h3 {White should prevent ...hxg2.} 46. Rxh5 hxg2 47. Kxg2 Ra2+ (47... Rb1 {with more complications.} 48. Rh4+ Ke3 49. Ra4 Rd1 50. Rb4 Rc1) 48. Kf1 Ra5 49. Kf2 $1 Ra2+ 50. Kf1 $1 Ra5 51. Kf2 Ra2+ 52. Kf1 {An uneventful encounter.  Weighted Error Value: White=0.02/Black=0.02} 1/2-1/2

[Event "European Online Club-ch-H 2021"]
[Site "Online"]
[Date "2021.03.27"]
[Round "7.14"]
[White "Eljanov, Pavel"]
[Black "Sabuk, Piotr"]
[Result "0-1"]
[WhiteElo "2672"]
[BlackElo "2366"]
[Annotator "ChessBase"]
[PlyCount "124"]
[EventDate "2021.03.27"]
[EventType "team-tourn"]
[EventCountry "NET"]
[SourceTitle "playchess.com"]
[Source "ChessBase"]
[SourceQuality "1"]
[TimeControl "900+5"]

1. d4 {[%emt 0:00:00]} Nf6 {[%emt 0:00:03]} 2. Nf3 {[%emt 0:00:04]} e6 {[%emt 0:00:05]} 3. Bf4 {[%emt 0:00:03]} d5 {[%emt 0:00:20]} 4. e3 {[%emt 0:00:03]} c5 {[%emt 0:00:11]} 5. c3 {[%emt 0:00:05]} Nc6 {[%emt 0:00:02]} 6. Nbd2 {[%emt 0:00:03]} cxd4 {[%emt 0:00:05]} 7. exd4 {[%emt 0:00:01]} Nh5 {[%emt 0:00:02]} 8. Be3 {[%emt 0:00:12]} Bd6 {[%emt 0:00:11]} 9. Ne5 {[%emt 0:00:04]} g6 {[%emt 0:00:20]} 10. Nd3 {[%emt 0:00:02]} Qc7 {[%emt 0:00:42]} 11. g3 {[%emt 0:00:12]} Ng7 {[%emt 0:00:07]} 12. Bf4 {[%emt 0:01:04]} Nf5 {[%emt 0:00:15]} 13. Nf3 {[%emt 0:02:13]} f6 {[%emt 0:02:24]} 14. Bxd6 {[%emt 0:00:46]} Qxd6 {[%emt 0:00:19]} 15. Qe2 {[%emt 0:04:11]} Bd7 {[%emt 0:01:19]} 16. g4 {[%emt 0:00:32]} Nfe7 {[%emt 0:00:13]} 17. g5 {[%emt 0:00:14]} fxg5 {[%emt 0:02:44]} 18. Nxg5 {[%emt 0:00:04]} O-O {[%emt 0:00:06]} 19. O-O-O {[%emt 0:02:14]} b5 {[%emt 0:00:40]} 20. Kb1 {[%emt 0:01:01]} b4 {[%emt 0:00:06]} 21. Nxb4 {[%emt 0:00:04]} Nxb4 {[%emt 0:00:03]} 22. cxb4 {[%emt 0:00:03]} Rab8 {[%emt 0:00:10]} 23. Bh3 {[%emt 0:00:14]} Nf5 {[%emt 0:00:49]} 24. Nf3 {[%emt 0:00:30]} Rxb4 {[%emt 0:00:15]} 25. Bxf5 {[%emt 0:00:10]} exf5 {[%emt 0:00:42]} 26. Ne5 {[%emt 0:00:25]} f4 {[%emt 0:00:34]} 27. Ka1 {[%emt 0:00:34]} Bf5 {[%emt 0:00:15]} 28. Rd2 {[%emt 0:01:15]} Qb6 {[%emt 0:00:48]} 29. Rhd1 {[%emt 0:00:25]} Ra4 {[%emt 0:00:30]} 30. Qf3 {[%emt 0:00:09]} Be4 {[%emt 0:00:21]} 31. Qc3 {[%emt 0:00:08]} Qa6 {[%emt 0:00:03]} 32. Qb3 {[%emt 0:00:16]} Rc8 {[%emt 0:01:22]} 33. f3 {[%emt 0:00:03]} Bc2 {[%emt 0:00:14]} 34. Qxd5+ {[%emt 0:00:02]} Kh8 {[%emt 0:00:10]} 35. Rc1 {[%emt 0:00:07]} Rcc4 {[%emt 0:00:23]} 36. Qxc4 {[%emt 0:00:15]} Rxc4 {[%emt 0:00:02]} 37. Nxc4 {[%emt 0:00:01]} Bb3 {[%emt 0:00:07]} 38. Na3 {[%emt 0:00:02]} Bd5 {[%emt 0:00:02]} 39. Re1 {[%emt 0:00:15]} Qa5 {[%emt 0:00:15]} 40. Rdd1 {[%emt 0:00:07]} Bxf3 {[%emt 0:00:04]} 41. Rc1 {[%emt 0:00:01]} Kg7 {[%emt 0:00:08]} 42. Nc4 {[%emt 0:00:04]} Qa6 {[%emt 0:00:07]} 43. b3 {[%emt 0:00:07]} Bd5 {[%emt 0:00:04]} 44. Re7+ {[%emt 0:00:03]} Kh6 {[%emt 0:00:03]} 45. Rd7 {[%emt 0:00:07]} Qe6 {[%emt 0:00:10]} 46. Ne5 {[%emt 0:00:07]} f3 {[%emt 0:00:13]} 47. Rf1 {[%emt 0:00:03]} Qa6 {[%emt 0:00:22]} 48. Rf2 {[%emt 0:00:06]} Be4 {[%emt 0:00:12]} 49. Kb2 {[%emt 0:00:04]} Qb5 {[%emt 0:00:16]} 50. Rf7 {[%emt 0:00:05]} Qb4 {[%emt 0:00:03]} 51. Nxf3 {[%emt 0:00:02]} Bxf3 {[%emt 0:00:02]} 52. R7xf3 {[%emt 0:00:03]} Qxd4+ {[%emt 0:00:01]} 53. Kc2 {[%emt 0:00:01]} Qa1 {[%emt 0:00:04]} 54. Kd3 {[%emt 0:00:01]} Qd1+ {[%emt 0:00:02]} 55. Kc4 {[%emt 0:00:02]} Qc1+ {[%emt 0:00:04]} 56. Kb5 {[%emt 0:00:01]} Qg5+ {[%emt 0:00:07]} 57. Ka6 {[%emt 0:00:04]} Qc5 {[%emt 0:00:02]} 58. Rf6 {[%emt 0:00:01]} Kg5 {[%emt 0:00:09]} 59. R2f4 {[%emt 0:00:01]} Qc7 {[%emt 0:00:09]} 60. h4+ {[%emt 0:00:02]} Kh6 {[%emt 0:00:02]} 61. b4 {[%emt 0:00:03]} Kh5 {[%emt 0:00:03]} 62. Rf7 {[%emt 0:00:05]} Qb6# {[%emt 0:00:14]} 0-1

[Event "European Online Club-ch-H 2021"]
[Site "Online"]
[Date "2021.03.27"]
[Round "7.15"]
[White "Valuet, Bertrand"]
[Black "Baklan, Vladimir"]
[Result "0-1"]
[WhiteElo "2217"]
[BlackElo "2587"]
[Annotator "ChessBase"]
[PlyCount "116"]
[EventDate "2021.03.27"]
[EventType "team-tourn"]
[EventCountry "NET"]
[SourceTitle "playchess.com"]
[Source "ChessBase"]
[SourceQuality "1"]
[TimeControl "900+5"]

1. e4 {[%emt 0:00:00]} c5 {[%emt 0:00:03]} 2. Nf3 {[%emt 0:00:03]} Nc6 {[%emt 0:00:02]} 3. Bb5 {[%emt 0:00:06]} g6 {[%emt 0:00:03]} 4. Bxc6 {[%emt 0:00:03]} dxc6 {[%emt 0:00:02]} 5. Nc3 {[%emt 0:00:08]} Bg7 {[%emt 0:00:02]} 6. d3 {[%emt 0:00:07]} Nh6 {[%emt 0:00:11]} 7. Be3 {[%emt 0:00:15]} b6 {[%emt 0:00:03]} 8. Qd2 {[%emt 0:00:22]} Ng4 {[%emt 0:00:05]} 9. Bf4 {[%emt 0:00:03]} e5 {[%emt 0:00:08]} 10. Bg5 {[%emt 0:00:03]} f6 {[%emt 0:00:07]} 11. h3 {[%emt 0:00:06]} Nxf2 {[%emt 0:02:04]} 12. Qxf2 {[%emt 0:02:27]} fxg5 {[%emt 0:00:03]} 13. Qg3 {[%emt 0:00:07]} h6 {[%emt 0:00:09]} 14. h4 {[%emt 0:03:40]} g4 {[%emt 0:00:06]} 15. h5 {[%emt 0:00:02]} O-O {[%emt 0:00:52]} 16. Nh4 {[%emt 0:00:46]} gxh5 {[%emt 0:00:16]} 17. O-O-O {[%emt 0:01:51]} Qg5+ {[%emt 0:00:53]} 18. Kb1 {[%emt 0:00:07]} Be6 {[%emt 0:00:05]} 19. Qe1 {[%emt 0:01:05]} Rf7 {[%emt 0:00:20]} 20. Ne2 {[%emt 0:00:13]} c4 {[%emt 0:00:50]} 21. Ng3 {[%emt 0:00:41]} Rd8 {[%emt 0:00:23]} 22. dxc4 {[%emt 0:00:34]} Rxd1+ {[%emt 0:00:32]} 23. Qxd1 {[%emt 0:00:03]} Rd7 {[%emt 0:00:02]} 24. Qe1 {[%emt 0:00:17]} Bxc4 {[%emt 0:00:17]} 25. Nhf5 {[%emt 0:00:14]} Bf7 {[%emt 0:00:11]} 26. b3 {[%emt 0:00:45]} Qd2 {[%emt 0:01:27]} 27. Qf1 {[%emt 0:00:07]} Bf8 {[%emt 0:00:14]} 28. Nxh5 {[%emt 0:00:41]} Bxh5 {[%emt 0:03:08]} 29. Rxh5 {[%emt 0:00:04]} Qd1+ {[%emt 0:00:01]} 30. Qxd1 {[%emt 0:00:02]} Rxd1+ {[%emt 0:00:02]} 31. Kb2 {[%emt 0:00:02]} Kf7 {[%emt 0:00:48]} 32. Rh4 {[%emt 0:00:07]} Re1 {[%emt 0:00:54]} 33. Rxg4 {[%emt 0:00:05]} h5 {[%emt 0:00:01]} 34. Rh4 {[%emt 0:00:05]} Kg6 {[%emt 0:00:01]} 35. Kc3 {[%emt 0:00:33]} Kg5 {[%emt 0:00:19]} 36. Kd2 {[%emt 0:00:12]} Ra1 {[%emt 0:00:05]} 37. a4 {[%emt 0:00:14]} Bb4+ {[%emt 0:00:14]} 38. c3 {[%emt 0:00:06]} Bc5 {[%emt 0:00:06]} 39. Kd3 {[%emt 0:00:31]} b5 {[%emt 0:00:43]} 40. axb5 {[%emt 0:00:16]} cxb5 {[%emt 0:00:02]} 41. Rh3 {[%emt 0:00:10]} Rd1+ {[%emt 0:00:08]} 42. Ke2 {[%emt 0:00:09]} Rg1 {[%emt 0:00:06]} 43. Kf3 {[%emt 0:00:12]} a5 {[%emt 0:00:20]} 44. Rg3+ {[%emt 0:00:04]} Kf6 {[%emt 0:00:03]} 45. Rg8 {[%emt 0:00:07]} Rc1 {[%emt 0:00:07]} 46. c4 {[%emt 0:00:20]} bxc4 {[%emt 0:00:21]} 47. bxc4 {[%emt 0:00:02]} Rxc4 {[%emt 0:00:01]} 48. Ra8 {[%emt 0:00:03]} a4 {[%emt 0:00:10]} 49. Ra6+ {[%emt 0:00:05]} Kg5 {[%emt 0:00:05]} 50. Rc6 {[%emt 0:00:07]} Rc3+ {[%emt 0:00:08]} 51. Ke2 {[%emt 0:00:03]} a3 {[%emt 0:00:01]} 52. Ra6 {[%emt 0:00:06]} Kf4 {[%emt 0:00:09]} 53. Kd2 {[%emt 0:00:04]} Bb4 {[%emt 0:00:08]} 54. g3+ {[%emt 0:00:18]} Kxe4 {[%emt 0:00:06]} 55. Nd6+ {[%emt 0:00:03]} Kf3 {[%emt 0:00:03]} 56. Ra4 {[%emt 0:00:07]} Rb3+ {[%emt 0:00:05]} 57. Kc2 {[%emt 0:00:05]} Rb2+ {[%emt 0:00:01]} 58. Kc1 {[%emt 0:00:03]} Bxd6 {[%emt 0:00:03]} 0-1

[Event "European Online Club-ch-H 2021"]
[Site "Online"]
[Date "2021.03.27"]
[Round "7.17"]
[White "Manik, Mikulas"]
[Black "Vaisser, Anatoly"]
[Result "1-0"]
[WhiteElo "2353"]
[BlackElo "2501"]
[Annotator "ChessBase"]
[PlyCount "45"]
[EventDate "2021.03.27"]
[EventType "team-tourn"]
[EventCountry "NET"]
[SourceTitle "playchess.com"]
[Source "ChessBase"]
[SourceQuality "1"]
[TimeControl "900+5"]

1. e4 {[%emt 0:00:04]} c5 {[%emt 0:00:18]} 2. Nf3 {[%emt 0:00:03]} Nc6 {[%emt 0:00:01]} 3. Bb5 {[%emt 0:00:03]} e6 {[%emt 0:00:02]} 4. O-O {[%emt 0:00:06]} Nge7 {[%emt 0:00:02]} 5. Re1 {[%emt 0:00:02]} a6 {[%emt 0:00:04]} 6. Bxc6 {[%emt 0:00:02]} Nxc6 {[%emt 0:00:02]} 7. d4 {[%emt 0:00:06]} cxd4 {[%emt 0:00:04]} 8. Nxd4 {[%emt 0:00:02]} Be7 {[%emt 0:00:27]} 9. Nxc6 {[%emt 0:00:21]} dxc6 {[%emt 0:00:09]} 10. Qg4 {[%emt 0:00:03]} g6 {[%emt 0:00:03]} 11. e5 {[%emt 0:00:30]} O-O {[%emt 0:00:12]} 12. Bh6 {[%emt 0:00:07]} Re8 {[%emt 0:00:15]} 13. Nc3 {[%emt 0:00:03]} Qc7 {[%emt 0:00:50]} 14. Rad1 {[%emt 0:00:39]} c5 {[%emt 0:00:11]} 15. Ne4 {[%emt 0:00:27]} Qxe5 {[%emt 0:00:28]} 16. Nd6 {[%emt 0:00:05]} Bxd6 {[%emt 0:00:05]} 17. Rxe5 {[%emt 0:00:05]} Bxe5 {[%emt 0:00:01]} 18. Qa4 {[%emt 0:00:16]} Bd7 {[%emt 0:03:55]} 19. Rxd7 {[%emt 0:00:08]} b5 {[%emt 0:00:22]} 20. Qe4 {[%emt 0:00:06]} Bxb2 {[%emt 0:00:09]} 21. Qf4 {[%emt 0:00:08]} f5 {[%emt 0:00:46]} 22. Qc7 {[%emt 0:00:06]} Ra7 {[%emt 0:00:34]} 23. Qxa7 {[%emt 0:00:05]} 1-0